000 00396nam a2200169Ia 4500
001 17008
003 IN-NITTTR
005 20251114233201.0
008 251113s9999||||xx |||||||||||||| ||eng||
040 _beng
040 _cIN-NITTTR
041 _aeng
082 _a372.7 S13T
100 _aSidhu, Kulbir Singh
245 4 _aThe teaching mathematics. /
_cSidhu, Kulbir Singh
942 _2ddc
_cBK
999 _c19642
_d19642